|
|
|
|
| LEADER |
02554nam a22003617a 4500 |
| 001 |
28101 |
| 003 |
BD-DhAAL |
| 005 |
20230206152917.0 |
| 008 |
140709r20191963bg ||||| |||| 00| d ben d |
| 020 |
|
|
|a 984458440X
|
| 040 |
|
|
|a BD-DhAAL
|c BD-DhAAL
|
| 041 |
|
|
|a ben
|
| 082 |
|
|
|2 22
|a 891.44
|
| 100 |
|
|
|a ওসমান, শওকত
|9 5316
|
| 245 |
|
|
|a ক্রীতদাসের হাসি /
|c শওকত ওসমান
|
| 246 |
|
|
|a Kreetadaser hasi
|
| 260 |
|
|
|a ঢাকা :
|b সময় প্রকাশন,
|c ১৯৬৩ [এগারোতম মুদ্রণ ২০১৯,তেরোতম মুদ্রণ ২০২২ ]
|
| 300 |
|
|
|a ৭৯ পৃষ্ঠা ;
|c ২১ সে. মি.
|
| 526 |
|
|
|a Residential Campus
GenEd (Residential Campus)
|
| 541 |
|
|
|a Development Book Agency
|e 28101, 28102, 28103, 28104, 28105, 34894, 40820
|
| 600 |
|
|
|a ওসমান, শওকত
|d ১৯১৭-১৯৯৮
|9 33308
|
| 650 |
|
|
|a Bengali Literature.
|9 5317
|
| 650 |
|
|
|a বাংলা সাহিত্য
|9 5318
|
| 852 |
|
|
|a Ayesha Abed Library
|c General Stacks
|
| 942 |
|
|
|2 ddc
|c BK
|
| 999 |
|
|
|c 32847
|d 32847
|
| 952 |
|
|
|0 0
|1 4
|2 ddc
|4 0
|6 891_440000000000000_OSM
|7 0
|9 43073
|a BRACUL
|b BRACUL
|c GEN
|d 2014-07-09
|e Development Book Agency
|g 85.00
|l 0
|o 891.44 OSM
|p 3010028101
|r 2014-07-09
|t 1
|w 2014-07-09
|y BK
|x Koha Inventory 2020
|
| 952 |
|
|
|0 0
|1 0
|2 ddc
|4 0
|6 891_440000000000000_OSM
|7 0
|9 43074
|a BRACUL
|b BRACUL
|c GEN
|d 2014-07-09
|e Development Book Agency
|g 85.00
|l 9
|m 13
|o 891.44 OSM
|p 3010028102
|r 2023-07-04
|s 2023-06-25
|t 2
|w 2014-07-09
|y BK
|
| 952 |
|
|
|0 0
|1 0
|2 ddc
|4 0
|6 891_440000000000000_OSM
|7 0
|9 43075
|a BRACUL
|b BRACUL
|c GEN
|d 2014-07-09
|e Development Book Agency
|g 85.00
|l 8
|m 11
|o 891.44 OSM
|p 3010028103
|r 2025-04-29
|s 2025-04-10
|t 3
|w 2014-07-09
|y BK
|
| 952 |
|
|
|0 0
|1 0
|2 ddc
|4 0
|6 891_440000000000000_OSM
|7 0
|9 43076
|a BRACUL
|b BRACUL
|c GEN
|d 2014-07-09
|e Development Book Agency
|g 85.00
|l 4
|m 7
|o 891.44 OSM
|p 3010028104
|r 2022-05-25
|s 2022-05-10
|t 4
|w 2014-07-09
|y BK
|
| 952 |
|
|
|0 0
|1 0
|2 ddc
|4 0
|6 891_440000000000000_OSM
|7 0
|9 43077
|a BRACUL
|b BRACUL
|c GEN
|d 2014-07-09
|e Development Book Agency
|g 85.00
|l 8
|m 38
|o 891.44 OSM
|p 3010028105
|r 2025-07-03
|s 2025-03-09
|t 5
|w 2014-07-09
|y BK
|
| 952 |
|
|
|0 0
|1 0
|2 ddc
|4 0
|6 891_440000000000000_OSM
|7 0
|9 65740
|a SCL
|b SCL
|c GEN
|d 2019-07-17
|e Development Book Agency
|g 88.00
|l 1
|o 891.44 OSM
|p 3020034894
|r 2024-04-03
|s 2024-03-28
|t 1
|v 88.00
|w 2019-07-17
|y BK
|
| 952 |
|
|
|0 0
|1 0
|2 ddc
|4 0
|6 891_440000000000000_OSM
|7 0
|9 72984
|a SCL
|b SCL
|c GEN
|d 2023-01-15
|e Development Book Agency
|g 105.00
|l 3
|m 11
|o 891.44 OSM
|p 3020040820
|r 2024-04-02
|s 2024-01-24
|t 7
|v 105.00
|w 2023-01-15
|y BK
|